000 00709 a2200241 4500
003 Nust
005 20170207154054.0
010 _a 2009010820
020 _a0470446366 (cloth)
020 _a9780470446362 (cloth)
035 _a(OCoLC)ocn316772273
040 _cNust
082 0 0 _a658.15
100 1 _aBragg, Steven M.
245 1 0 _aRunning a public company (E-BOOK)
_bfrom IPO to SEC reporting /
_cSteven M. Bragg.
260 _aHoboken, N.J. :
_bJohn Wiley & Sons,
_cc2009.
300 _axvii, 316 p. :
_bill. ;
_c24 cm.
500 _aIncludes index.
650 0 _aCorporations
_xFinance.
650 0 _aCorporations.
650 0 _aGoing public (Securities)
651 _aRunning a public company (E-BOOK)
942 _2ddc
_cBK
999 _c193250
_d193250